[Event "1st Cairns Cup 2019"]
[Site "Saint Louis USA"]
[Date "2019.02.06"]
[Round "1.3"]
[White "Gunina, Valentina"]
[Black "Khotenashvili, Bela"]
[Result "1-0"]
[WhiteTitle "GM"]
[BlackTitle "GM"]
[WhiteElo "2501"]
[BlackElo "2491"]
[WhiteFideId "4167570"]
[BlackFideId "13602640"]
[EventDate "2019.02.06"]

1. e4 e5 2. Nf3 Nc6 3. Bb5 a6 4. Ba4 Nf6 5. O-O Be7 6. d3 d6 7. c3 O-O 8. Nbd2
Re8 9. Re1 Bf8 10. Nf1 h6 11. Ng3 b5 12. Bc2 d5 13. exd5 Qxd5 14. d4 Bg4 15. Bb3
Qd7 16. h3 Bxf3 17. Qxf3 exd4 18. Bxh6 d3 19. Bg5 Nh7 20. Bf4 Na5 21. Bd5 Rxe1+
22. Rxe1 Rd8 23. Be4 Nc4 24. b3 Nb2 25. Bd2 Nf6 26. Bc6 Qd6 27. Nf5 Qc5 28. Bb7
a5 29. Nh6+ gxh6 30. Qxf6 Rd6 31. Qf3 c6 32. Re8 Rg6 33. h4 Qd6 34. Bc8 Qd5 35.
Qh3 Qh5 36. g4 Qd5 37. h5 Rf6 38. g5 hxg5 39. h6 Qd6 40. h7+ Kh8 41. Bf5 Rh6 42.
Qg3 Qxg3+ 43. fxg3 Kg7 44. Rxf8 Kxf8 45. Bxg5 Rh5 46. g4 Rxg5 47. h8=Q+ Ke7 48.
Qh2 1-0

[Event "1st Cairns Cup 2019"]
[Site "Saint Louis USA"]
[Date "2019.02.07"]
[Round "2.3"]
[White "Sebag, Marie"]
[Black "Abdumalik, Zhansaya"]
[Result "1/2-1/2"]
[WhiteTitle "GM"]
[BlackTitle "IM"]
[WhiteElo "2476"]
[BlackElo "2468"]
[WhiteFideId "617822"]
[BlackFideId "13703544"]
[EventDate "2019.02.06"]

1. e4 e5 2. Nf3 Nc6 3. Bb5 a6 4. Ba4 Nf6 5. O-O Be7 6. d3 b5 7. Bb3 d6 8. a3 O-O
9. Nc3 Bg4 10. Be3 Nd4 11. Bxd4 exd4 12. Nd5 c5 13. h3 Be6 14. Nf4 Bxb3 15. cxb3
Nd7 16. Rc1 Nb6 17. Re1 Rc8 18. Rc2 Bf6 19. Nh5 Be5 20. Nxe5 dxe5 21. Qd2 g6 22.
Ng3 Qd6 23. Rec1 Rc6 24. Qg5 f6 25. Qg4 Kf7 26. f4 exf4 27. Ne2 Rfc8 28. Nxf4 c4
29. bxc4 bxc4 30. dxc4 Rxc4 31. Rxc4 Rxc4 32. Rxc4 Nxc4 33. Qc8 Ne3 34. Qb7+ Kg8
35. Qc8+ Kf7 36. Qb7+ Kg8 37. Qc8+ Kf7 1/2-1/2

[Event "1st Cairns Cup 2019"]
[Site "Saint Louis USA"]
[Date "2019.02.07"]
[Round "2.4"]
[White "Harika, Dronavalli"]
[Black "Dzagnidze, Nana"]
[Result "1/2-1/2"]
[WhiteTitle "GM"]
[BlackTitle "GM"]
[WhiteElo "2471"]
[BlackElo "2513"]
[WhiteFideId "5015197"]
[BlackFideId "13601903"]
[EventDate "2019.02.06"]

1. d4 d5 2. c4 dxc4 3. e4 e5 4. Nf3 exd4 5. Bxc4 Nc6 6. O-O Be6 7. Bxe6 fxe6 8.
Qb3 Qd7 9. Qxb7 Rb8 10. Qa6 Nf6 11. Nbd2 Bd6 12. a3 O-O 13. b4 e5 14. Ne1 Rb6
15. Qe2 Qe6 16. Nc4 Rbb8 17. Bg5 Be7 18. Rc1 a5 19. bxa5 Rb3 20. Nd3 Rc3 21.
Rxc3 dxc3 22. Nc1 Bc5 23. Bxf6 Rxf6 24. Ne3 Nd4 25. Qd3 Bxa3 26. Ne2 Qa6 27.
Qxa6 Rxa6 28. Nxc3 Rxa5 29. Ra1 Bb4 30. Rxa5 Bxa5 31. Ncd5 c6 32. Nc4 cxd5 33.
Nxa5 1/2-1/2

[Event "1st Cairns Cup 2019"]
[Site "Saint Louis USA"]
[Date "2019.02.08"]
[Round "3.1"]
[White "Abdumalik, Zhansaya"]
[Black "Kosteniuk, Alexandra"]
[Result "0-1"]
[WhiteTitle "IM"]
[BlackTitle "GM"]
[WhiteElo "2468"]
[BlackElo "2532"]
[WhiteFideId "13703544"]
[BlackFideId "4128125"]
[EventDate "2019.02.06"]

1. e4 e5 2. Nf3 Nc6 3. Bb5 a6 4. Ba4 Nf6 5. O-O b5 6. Bb3 Bc5 7. c3 d6 8. d4 Bb6
9. Be3 O-O 10. Nbd2 h6 11. Re1 Ng4 12. Nf1 exd4 13. cxd4 Na5 14. Bc2 c5 15. h3
Nxe3 16. Nxe3 cxd4 17. Nd5 Nc4 18. Nxb6 Qxb6 19. b3 Ne5 20. Rc1 b4 21. Bb1 a5
22. Nxd4 Bxh3 23. Nc6 Nxc6 24. Qxd6 Ra6 25. gxh3 Rd8 26. Qg3 Nd4 27. e5 Qb5 28.
Rc4 Qd5 29. Qg2 Nf3+ 30. Kh1 Qxe5 31. Rec1 Qe2 32. Rc8 Rd6 33. Rxd8+ Rxd8 34.
Qf1 Qe5 35. Qg2 Qf4 36. Rf1 Rd2 37. Rg1 g5 38. Rf1 Kg7 0-1

[Event "1st Cairns Cup 2019"]
[Site "Saint Louis USA"]
[Date "2019.02.08"]
[Round "3.2"]
[White "Gunina, Valentina"]
[Black "Harika, Dronavalli"]
[Result "1/2-1/2"]
[WhiteTitle "GM"]
[BlackTitle "GM"]
[WhiteElo "2501"]
[BlackElo "2471"]
[WhiteFideId "4167570"]
[BlackFideId "5015197"]
[EventDate "2019.02.06"]

1. e4 e5 2. Nf3 Nf6 3. Nxe5 d6 4. Nf3 Nxe4 5. Bd3 d5 6. O-O Be7 7. Re1 Nd6 8. c3
O-O 9. Bc2 c6 10. d4 Bf5 11. Bxf5 Nxf5 12. Qb3 Qc7 13. Qc2 g6 14. Nbd2 Re8 15.
Nf1 Nd7 16. Ng3 Nxg3 17. hxg3 Nf6 18. Bf4 Bd6 19. Be5 Ng4 20. Bxd6 Qxd6 21. Re2
Rxe2 22. Qxe2 Nf6 23. Re1 Re8 24. Qd2 Rxe1+ 25. Qxe1 Kg7 26. Qe3 Ne4 27. Ne5 Qe6
28. Qf4 Qf6 29. Qe3 Qe6 30. Qf4 Qf6 31. Qe3 1/2-1/2

[Event "1st Cairns Cup 2019"]
[Site "Saint Louis USA"]
[Date "2019.02.08"]
[Round "3.4"]
[White "Zatonskih, Anna"]
[Black "Khotenashvili, Bela"]
[Result "1-0"]
[WhiteTitle "IM"]
[BlackTitle "GM"]
[WhiteElo "2428"]
[BlackElo "2491"]
[WhiteFideId "14101572"]
[BlackFideId "13602640"]
[EventDate "2019.02.06"]

1. d4 Nf6 2. c4 c5 3. d5 g6 4. Nc3 Bg7 5. e4 O-O 6. Be2 d6 7. Nf3 e6 8. O-O exd5
9. exd5 Bg4 10. h3 Bxf3 11. Bxf3 Nbd7 12. Qc2 Ne8 13. Be2 a6 14. Bd2 Be5 15. f4
Bd4+ 16. Kh2 f5 17. Bd3 Ng7 18. Ne2 Bf6 19. Ng1 Qb6 20. Rab1 Rae8 21. Nf3 Re7
22. a3 Rfe8 23. b4 Qc7 24. Rfe1 Rxe1 25. Rxe1 Rc8 26. Rb1 Re8 27. Re1 Rc8 28.
Rb1 Re8 29. Be1 Nh5 30. g3 cxb4 31. axb4 a5 32. bxa5 Nc5 33. Kg2 Re3 34. Rd1 Ne4
35. Bxe4 Rxe4 36. Rc1 Qe7 37. Bf2 Re2 38. Qd3 Qe4 39. Rd1 Ra2 40. Qxe4 fxe4 41.
Nd2 e3 42. Bxe3 Bc3 43. Kf3 Bxa5 44. Ne4 Ra3 45. g4 Ng7 46. Nxd6 Bb6 47. Re1 Rb3
48. Ne4 h5 49. c5 Bd8 50. Ra1 Be7 51. Ra8+ Kf7 52. Nd6+ 1-0

[Event "1st Cairns Cup 2019"]
[Site "Saint Louis USA"]
[Date "2019.02.08"]
[Round "3.5"]
[White "Dzagnidze, Nana"]
[Black "Sebag, Marie"]
[Result "1-0"]
[WhiteTitle "GM"]
[BlackTitle "GM"]
[WhiteElo "2513"]
[BlackElo "2476"]
[WhiteFideId "13601903"]
[BlackFideId "617822"]
[EventDate "2019.02.06"]

1. e4 c5 2. Nf3 d6 3. Bb5+ Nd7 4. O-O a6 5. Bd3 Ngf6 6. c3 b5 7. Bc2 Bb7 8. Qe2
c4 9. b3 Rc8 10. bxc4 bxc4 11. Na3 Qc7 12. Rb1 Ba8 13. Rb4 Nb6 14. d3 a5 15. Rb1
e5 16. d4 Be7 17. d5 O-O 18. Be3 Nbxd5 19. exd5 Nxd5 20. Nb5 Qd7 21. a4 f5 22.
Rbd1 Qe6 23. Bc1 Qg6 24. Bb1 Nb6 25. Ba3 Rf6 26. Nh4 Qg5 27. Nf3 Qg6 28. Rfe1
Nxa4 29. h3 Bf8 30. Kh2 e4 31. Nfd4 d5 32. Qa2 Nc5 33. Ne2 Qg5 34. Bc1 f4 35.
Nxf4 Rxf4 36. g3 Ne6 37. gxf4 Nxf4 38. Rg1 Qe5 39. Bxf4 Qxf4+ 40. Rg3 Bc5 41.
Nd4 Bd6 42. Kg2 Qf6 43. Qxa5 Bxg3 44. fxg3 Rf8 45. Qa2 Bb7 46. Qe2 Bc8 47. Qe3
Bd7 48. Bc2 h5 49. Re1 h4 50. Bd1 hxg3 51. Qxg3 Qh6 52. Bg4 Bxg4 53. hxg4 Qd2+
54. Re2 Qd1 55. Qe1 Qa4 56. Rf2 Rxf2+ 57. Qxf2 Qd1 58. g5 g6 59. Qf4 Qb1 60. Qf6
Qb2+ 61. Kg3 Qxc3+ 62. Kf4 Kh7 63. Qf7+ Kh8 64. Qf8+ Kh7 65. Qh6+ Kg8 66. Qxg6+
Kh8 67. Qf6+ Kg8 68. g6 Qd2+ 69. Ke5 Qh2+ 70. Ke6 1-0

[Event "1st Cairns Cup 2019"]
[Site "Saint Louis USA"]
[Date "2019.02.09"]
[Round "4.3"]
[White "Dzagnidze, Nana"]
[Black "Gunina, Valentina"]
[Result "0-1"]
[WhiteTitle "GM"]
[BlackTitle "GM"]
[WhiteElo "2513"]
[BlackElo "2501"]
[WhiteFideId "13601903"]
[BlackFideId "4167570"]
[EventDate "2019.02.06"]

1. e4 c6 2. Nc3 d5 3. Nf3 Bg4 4. h3 Bxf3 5. Qxf3 Nf6 6. Be2 e6 7. O-O Bc5 8. Qg3
O-O 9. e5 Nfd7 10. Kh1 f6 11. exf6 Nxf6 12. d3 Nbd7 13. Be3 Qe7 14. d4 Bb4 15.
Bd3 e5 16. dxe5 Nxe5 17. Qh4 Bd6 18. Bd4 Nxd3 19. cxd3 Rae8 20. Qg5 a6 21. g3
Nd7 22. Qxe7 Rxe7 23. Kg2 Rfe8 24. f4 Bc5 25. Bxc5 Nxc5 26. Rad1 d4 27. b4 Nd7
28. Ne4 Nb6 29. Rf2 Nd5 30. Rb1 h5 31. a3 Nf6 32. Re1 Nxe4 33. Rfe2 Kf7 34. Rxe4
Rxe4 35. dxe4 b6 36. Kf3 Ke6 37. Rc1 Kd6 38. Rc4 c5 39. bxc5+ bxc5 40. Ra4 Ra8
41. Ke2 Kc6 42. Kd3 a5 43. Kc4 Kb6 44. Kd3 g6 45. h4 Kc6 46. Kc4 Ra7 47. e5 Ra8
48. Kd3 Kd5 49. Kc2 c4 50. e6 Kc5 51. e7 Kb5 0-1

[Event "1st Cairns Cup 2019"]
[Site "Saint Louis USA"]
[Date "2019.02.09"]
[Round "4.4"]
[White "Khotenashvili, Bela"]
[Black "Abdumalik, Zhansaya"]
[Result "0-1"]
[WhiteTitle "GM"]
[BlackTitle "IM"]
[WhiteElo "2491"]
[BlackElo "2468"]
[WhiteFideId "13602640"]
[BlackFideId "13703544"]
[EventDate "2019.02.06"]

1. d4 Nf6 2. Bf4 g6 3. Nc3 d5 4. e3 Bg7 5. h4 h5 6. Nb5 Na6 7. Nf3 c6 8. Nc3 Nc7
9. Bd3 O-O 10. Qd2 Ne6 11. Be5 c5 12. Ng5 Ng4 13. Bxg7 Kxg7 14. f3 Nf6 15. O-O-O
Qa5 16. g4 c4 17. Be2 b5 18. gxh5 b4 19. h6+ Kh8 20. Nb1 Rb8 21. c3 Qxa2 22.
cxb4 Nxg5 23. hxg5 Bf5 24. Qc3 a5 25. e4 axb4 26. Bxc4 Qxb1+ 27. Kxb1 bxc3 28.
Rh2 Nh7 29. Bxd5 Be6 30. f4 Bxd5 31. exd5 Rfd8 32. Rc2 cxb2 33. Rxb2 Rxb2+ 34.
Kxb2 Kg8 35. Ra1 Nf8 36. Kc3 Nd7 37. Ra6 Nf8 38. Kc4 Nd7 39. Kd3 f6 40. Ra7 Kf7
41. d6 exd6 42. Ke4 fxg5 43. fxg5 Ke6 44. d5+ Ke7 45. Kd4 Rc8 46. Ra1 Ne5 47.
Ra7+ Kf8 48. Rh7 Rc4+ 49. Ke3 Nf7 50. Rg7 Rg4 51. Rxg6 Rxg5 52. Rf6 Rxd5 0-1

[Event "1st Cairns Cup 2019"]
[Site "Saint Louis USA"]
[Date "2019.02.09"]
[Round "4.5"]
[White "Harika, Dronavalli"]
[Black "Paehtz, Elisabeth"]
[Result "1/2-1/2"]
[WhiteTitle "GM"]
[BlackTitle "IM"]
[WhiteElo "2471"]
[BlackElo "2466"]
[WhiteFideId "5015197"]
[BlackFideId "4641833"]
[EventDate "2019.02.06"]

1. c4 g6 2. d4 Bg7 3. e4 d6 4. Nc3 Nf6 5. Be2 O-O 6. Be3 Na6 7. Nf3 c5 8. O-O
Bg4 9. e5 dxe5 10. dxe5 Nd7 11. h3 Bxf3 12. Bxf3 Nc7 13. Qa4 Nb6 14. Qb3 Ne6 15.
a4 Rb8 16. a5 Nd7 17. Rfd1 Bxe5 18. Rd5 Qe8 19. Qa4 Bxc3 20. bxc3 Nf6 21. Rd2
Qxa4 22. Rxa4 Rfc8 23. Ra1 Ne8 24. Bd5 Nd6 25. Re1 b6 26. axb6 Rxb6 27. Ra2 a6
28. Ra5 Nb7 29. Raa1 Nd6 30. Ra5 Nb7 31. Raa1 Nd6 1/2-1/2

[Event "1st Cairns Cup 2019"]
[Site "Saint Louis USA"]
[Date "2019.02.10"]
[Round "5.4"]
[White "Zatonskih, Anna"]
[Black "Harika, Dronavalli"]
[Result "1/2-1/2"]
[WhiteTitle "IM"]
[BlackTitle "GM"]
[WhiteElo "2428"]
[BlackElo "2471"]
[WhiteFideId "14101572"]
[BlackFideId "5015197"]
[EventDate "2019.02.06"]

1. d4 d5 2. c4 e6 3. Nc3 Bb4 4. a3 Bxc3+ 5. bxc3 c6 6. Qb3 Nf6 7. Bg5 Nbd7 8. e3
O-O 9. Bd3 dxc4 10. Bxc4 Nb6 11. Bxf6 Qxf6 12. Nf3 Nd7 13. O-O b6 14. Rad1 Bb7
15. e4 Rad8 16. Rfe1 Qe7 17. e5 Nb8 18. Nd2 c5 19. Qb2 cxd4 20. cxd4 Nc6 21. Ne4
Nxe5 22. dxe5 Rxd1 23. Rxd1 Bxe4 24. Rd6 Rc8 25. Bf1 h6 26. Qb4 Qb7 27. f3 Bd5
28. h3 Qc7 29. Ba6 Rb8 30. Kh2 Rf8 31. Bd3 Qc5 32. Qxc5 bxc5 33. Kg3 Rb8 34. Rd7
c4 35. Bc2 a6 36. h4 g6 37. Rc7 Kf8 38. Ba4 Rb7 39. Rxb7 Bxb7 40. Kf4 Ke7 41.
Ke3 f6 42. Kd4 Bd5 43. Bd1 g5 44. g3 fxe5+ 45. Kxe5 c3 46. f4 gxh4 47. gxh4 a5
48. Bc2 Bc6 49. Kd4 1/2-1/2

[Event "1st Cairns Cup 2019"]
[Site "Saint Louis USA"]
[Date "2019.02.10"]
[Round "5.5"]
[White "Paehtz, Elisabeth"]
[Black "Dzagnidze, Nana"]
[Result "1/2-1/2"]
[WhiteTitle "IM"]
[BlackTitle "GM"]
[WhiteElo "2466"]
[BlackElo "2513"]
[WhiteFideId "4641833"]
[BlackFideId "13601903"]
[EventDate "2019.02.06"]

1. e4 c5 2. Nf3 d6 3. d4 cxd4 4. Nxd4 Nf6 5. Nc3 a6 6. f3 e5 7. Nb3 Be6 8. Be3
h5 9. Qd2 Nbd7 10. O-O-O Be7 11. h4 Qc7 12. Kb1 b5 13. a3 Rb8 14. Nc1 Qc6 15.
Nd5 Bxd5 16. exd5 Qb7 17. Na2 Bd8 18. Nb4 Ba5 19. Bg5 Rc8 20. Bxf6 Nxf6 21. Bd3
Bxb4 22. axb4 Qb6 23. Rhe1 O-O 24. g4 hxg4 25. fxg4 Rce8 26. Bf5 e4 27. g5 Nh5
28. Bxe4 g6 29. Bf3 Ng7 30. Bg4 Qa7 31. b3 Rxe1 32. Rxe1 Re8 33. Rxe8+ Nxe8 34.
Kb2 Qg1 35. Qf4 Nc7 36. Bf3 Qf2 37. Qg4 Kf8 38. Qe4 Qd2 39. Bg2 Kg8 40. Bf3 Kf8
41. Bg2 Kg8 1/2-1/2

[Event "1st Cairns Cup 2019"]
[Site "Saint Louis USA"]
[Date "2019.02.12"]
[Round "6.2"]
[White "Gunina, Valentina"]
[Black "Paehtz, Elisabeth"]
[Result "1-0"]
[WhiteTitle "GM"]
[BlackTitle "IM"]
[WhiteElo "2501"]
[BlackElo "2466"]
[WhiteFideId "4167570"]
[BlackFideId "4641833"]
[EventDate "2019.02.06"]

1. d4 e6 2. c4 Bb4+ 3. Bd2 a5 4. Nf3 d6 5. g3 Nc6 6. Bg2 e5 7. O-O exd4 8. Bg5
f6 9. Bc1 Bc5 10. b3 Nge7 11. Bb2 Nf5 12. Na3 O-O 13. Nb5 Re8 14. Nfxd4 Nfxd4
15. Nxd4 Nxd4 16. Bxd4 Bxd4 17. Qxd4 Qe7 18. e3 Qe5 19. Qd2 Ra7 20. Rfe1 Be6 21.
Rac1 Qc5 22. Bd5 c6 23. Bxe6+ Rxe6 24. Red1 Ra8 25. Qc3 Qe5 26. Qc2 Qc5 27. Rd4
Rd8 28. Rcd1 Rd7 29. Rh4 g6 30. Rhd4 Kg7 31. Qc3 Rde7 32. h4 h5 33. Qd2 Rd7 34.
Qb2 Rde7 35. Qc2 Rd7 36. Kh1 f5 37. Qc3 Kh7 38. Kg2 Kg8 39. a3 Kh7 40. R4d3 Qa7
41. Qd4 Qxd4 42. Rxd4 b6 43. Kf3 Kg7 44. b4 axb4 45. axb4 c5 46. bxc5 bxc5 47.
Rd5 Re4 48. Rxc5 dxc5 49. Rxd7+ Kf6 50. Rd6+ Kf7 51. Ke2 Rxc4 52. Rd2 Ke6 53.
Ra2 Rc1 54. Kd2 Rf1 55. Kd3 Rc1 56. Ra6+ Kf7 57. e4 fxe4+ 58. Kxe4 Re1+ 59. Kf4
Re2 60. f3 Rd2 61. Kg5 c4 62. Rf6+ Ke7 63. Rxg6 Rd5+ 64. Kf4 Rc5 65. Rg5 Rc8 66.
Rxh5 c3 67. Re5+ Kf6 68. Re1 c2 69. Rc1 Rc4+ 70. Ke3 Rc3+ 71. Ke4 Kg6 72. g4 Kh6
73. f4 Rc4+ 74. Ke5 Rc3 75. f5 Rc4 76. g5+ Kh5 77. f6 Kg6 78. h5+ Kxg5 79. f7
Rc5+ 80. Kd6 Rf5 81. Ke6 Rf2 82. Rxc2 Rxc2 83. f8=Q Re2+ 84. Kd5 Rd2+ 85. Ke4
Re2+ 86. Kd3 Re6 87. Qg8+ Kf5 88. Qc8 1-0

[Event "1st Cairns Cup 2019"]
[Site "Saint Louis USA"]
[Date "2019.02.12"]
[Round "6.3"]
[White "Harika, Dronavalli"]
[Black "Abdumalik, Zhansaya"]
[Result "1-0"]
[WhiteTitle "GM"]
[BlackTitle "IM"]
[WhiteElo "2471"]
[BlackElo "2468"]
[WhiteFideId "5015197"]
[BlackFideId "13703544"]
[EventDate "2019.02.06"]

1. e4 e5 2. Nf3 Nc6 3. Bc4 Bc5 4. d3 Nf6 5. c3 a6 6. O-O d6 7. Re1 Ba7 8. Bb3
O-O 9. h3 Be6 10. Nbd2 Bxb3 11. Qxb3 Qd7 12. Nf1 h6 13. Be3 Bxe3 14. Nxe3 Rfe8
15. Rad1 Rab8 16. Nh2 Ne7 17. Nhg4 Nh7 18. d4 Ng6 19. Nf5 h5 20. Nh2 Ng5 21. f3
Ne6 22. h4 Qb5 23. Qxb5 axb5 24. a3 Ngf8 25. Nf1 Ra8 26. Rd2 g6 27. N5e3 Kg7 28.
Red1 Ra4 29. Nc2 f6 30. Nfe3 Kf7 31. g3 Raa8 32. Kf2 Red8 33. Nb4 Re8 34. Nbd5
c6 35. Nb4 Ng7 36. Nbc2 Ke7 37. Nb4 Red8 38. c4 bxc4 39. Nxc4 Ne8 40. Nb6 Ra5
41. Nc4 Raa8 42. Nb6 Ra5 43. Nc4 Raa8 44. f4 exd4 45. Rxd4 Ne6 46. R4d2 f5 47.
e5 d5 48. Ne3 Nc5 49. Kg2 Nc7 50. Rc2 Ne4 51. Nf1 Ne6 52. Rcc1 Rd7 53. Nd2 Rad8
54. Nd3 c5 55. Nf2 b5 56. Nf3 Rb7 57. Ng5 N4xg5 58. fxg5 c4 59. Nh3 b4 60. axb4
Rxb4 61. Rd2 d4 62. Nf4 Nc5 63. Ra1 Rb7 64. Rc2 d3 65. Rxc4 Rxb2+ 66. Kf3 Ne4
67. Rc7+ Ke8 68. Raa7 Nd2+ 69. Kg2 Ne4+ 70. Kf3 Nd2+ 71. Kf2 Nc4+ 72. Kg1 Rb1+
73. Kh2 Rb6 74. Re7+ Kf8 75. Rf7+ Kg8 76. Rg7+ Kh8 77. Rh7+ Kg8 78. Rag7+ Kf8
79. e6 1-0

[Event "1st Cairns Cup 2019"]
[Site "Saint Louis USA"]
[Date "2019.02.12"]
[Round "6.4"]
[White "Dzagnidze, Nana"]
[Black "Zatonskih, Anna"]
[Result "1-0"]
[WhiteTitle "GM"]
[BlackTitle "IM"]
[WhiteElo "2513"]
[BlackElo "2428"]
[WhiteFideId "13601903"]
[BlackFideId "14101572"]
[EventDate "2019.02.06"]

1. d4 d5 2. Bf4 Nf6 3. e3 e6 4. Nd2 Bd6 5. Bg3 b6 6. Ngf3 O-O 7. Bd3 Ba6 8. Qe2
Bxd3 9. cxd3 c5 10. e4 Be7 11. O-O Nc6 12. dxc5 bxc5 13. Rac1 Qb6 14. Nb3 Nb4
15. Ra1 Rfd8 16. Bh4 Kf8 17. e5 Nd7 18. Bxe7+ Kxe7 19. d4 c4 20. Nc1 Rdc8 21.
Qd2 h6 22. Ne2 Rab8 23. Rfb1 a5 24. b3 Qa6 25. Ne1 Nb6 26. Nc3 Nc6 27. Nc2 Kf8
28. b4 axb4 29. Nxb4 Nxb4 30. Rxb4 Nd7 31. Rab1 Qa3 32. Rb7 Ke7 33. Nb5 c3 34.
Qc2 Qa5 35. Nd6 Rh8 36. Qe2 Rxb7 37. Rxb7 Qa3 38. g3 Rb8 39. Rxb8 Nxb8 40. Qh5
Qc1+ 41. Kg2 g6 42. Qf3 f5 43. Nb5 Nc6 44. Nxc3 Nxd4 45. Qd3 Nc2 46. Nxd5+ exd5
47. Qxd5 Ne1+ 48. Kh3 Qg5 49. Qd6+ Ke8 50. Qd1 f4 51. Qxe1 Qh5+ 52. Kg2 f3+ 53.
Kg1 Qh3 54. Qf1 Qd7 55. Qb1 Qc6 56. a4 Kf7 57. a5 h5 58. h4 Qc5 59. Qb7+ Kg8 60.
Qa8+ Kh7 61. Qxf3 Qxa5 62. Qf7+ Kh6 63. e6 g5 64. Qf6+ Kh7 65. hxg5 Qe1+ 66. Kh2
h4 67. Qf5+ Kg7 68. gxh4 Qe2 69. Qf6+ Kh7 70. e7 Qh5 71. g6+ Kh6 72. Qf4+ 1-0

[Event "1st Cairns Cup 2019"]
[Site "Saint Louis USA"]
[Date "2019.02.13"]
[Round "7.2"]
[White "Zatonskih, Anna"]
[Black "Gunina, Valentina"]
[Result "0-1"]
[WhiteTitle "IM"]
[BlackTitle "GM"]
[WhiteElo "2428"]
[BlackElo "2501"]
[WhiteFideId "14101572"]
[BlackFideId "4167570"]
[EventDate "2019.02.06"]

1. d4 Nf6 2. c4 e6 3. Nf3 c5 4. e3 d5 5. cxd5 exd5 6. Bb5+ Bd7 7. Bxd7+ Qxd7 8.
dxc5 Bxc5 9. O-O O-O 10. b3 Nc6 11. Bb2 Ne4 12. Nc3 Rad8 13. Rc1 Qe7 14. Re1 a6
15. Qc2 Nb4 16. Qb1 f5 17. a3 Nc6 18. b4 Ba7 19. Rcd1 Qf7 20. b5 axb5 21. Nxb5
Bb8 22. Nc3 h6 23. Qc2 g5 24. g3 Rd7 25. Nd4 Nxd4 26. Rxd4 Be5 27. Nxe4 Bxd4 28.
Nxg5 hxg5 29. Bxd4 Rc7 30. Qd2 Re8 31. Rb1 Kh7 32. Rb5 Rec8 33. Bb2 Rc5 34. Rxc5
Rxc5 35. Qd4 Rc4 36. Qe5 Re4 37. Qh8+ Kg6 38. h4 gxh4 39. gxh4 f4 40. exf4 Re8
41. Qc3 Kh6 42. Kf1 Qg6 43. Qg3 Kh7 44. Be5 Qb1+ 45. Ke2 Qc2+ 46. Ke3 d4+ 47.
Kf3 Qd3+ 48. Kg2 Rg8 0-1

[Event "1st Cairns Cup 2019"]
[Site "Saint Louis USA"]
[Date "2019.02.13"]
[Round "7.4"]
[White "Abdumalik, Zhansaya"]
[Black "Dzagnidze, Nana"]
[Result "1/2-1/2"]
[WhiteTitle "IM"]
[BlackTitle "GM"]
[WhiteElo "2468"]
[BlackElo "2513"]
[WhiteFideId "13703544"]
[BlackFideId "13601903"]
[EventDate "2019.02.06"]

1. e4 e6 2. d4 d5 3. Nc3 Nf6 4. e5 Nfd7 5. f4 c5 6. Nf3 Nc6 7. Be3 a6 8. Qd2 b5
9. Nd1 cxd4 10. Nxd4 Nxd4 11. Bxd4 Bc5 12. c3 Qb6 13. Nf2 a5 14. Be2 b4 15. O-O
Ba6 16. Bxa6 Rxa6 17. Qe3 bxc3 18. bxc3 O-O 19. Nd3 Bxd4 20. cxd4 Qa7 21. Rac1
Nb6 22. f5 Nc4 23. Rxc4 dxc4 24. f6 gxf6 25. Nc5 Kh8 26. Qh6 Rg8 27. Qxf6+ Rg7
28. Rf3 Qb6 29. Nxa6 Qxd4+ 30. Rf2 c3 31. Qf3 c2 32. Qc6 Rxg2+ 33. Kxg2 Qg4+ 34.
Kh1 Qd1+ 35. Kg2 Qg4+ 1/2-1/2

[Event "1st Cairns Cup 2019"]
[Site "Saint Louis USA"]
[Date "2019.02.13"]
[Round "7.5"]
[White "Paehtz, Elisabeth"]
[Black "Sebag, Marie"]
[Result "1/2-1/2"]
[WhiteTitle "IM"]
[BlackTitle "GM"]
[WhiteElo "2466"]
[BlackElo "2476"]
[WhiteFideId "4641833"]
[BlackFideId "617822"]
[EventDate "2019.02.06"]

1. e4 c5 2. Nf3 d6 3. d4 cxd4 4. Nxd4 Nf6 5. Nc3 a6 6. Nb3 Nbd7 7. g4 h6 8. h4
Ne5 9. f3 e6 10. Qe2 Qc7 11. Rg1 b5 12. f4 Nc4 13. g5 hxg5 14. hxg5 Nd7 15. g6
Be7 16. gxf7+ Kxf7 17. a4 Bf6 18. axb5 Nxb2 19. Bxb2 Bxc3+ 20. Bxc3 Qxc3+ 21.
Qd2 Qxd2+ 22. Nxd2 Nc5 23. Nc4 Nxe4 24. Bg2 d5 25. Bxe4 dxe4 26. Nd6+ Kf8 27. b6
Rb8 28. Nxc8 Rxc8 29. Rxa6 Rb8 30. c4 Rh2 31. c5 Rc2 32. Rg5 e3 33. Ra3 Kf7 34.
Rxe3 Rh8 35. Kd1 Rhh2 36. Rge5 Rhd2+ 37. Ke1 Rh2 38. Re2 Rhxe2+ 39. Rxe2 Rxc5
40. Rb2 Rc8 41. Ke2 Kf6 42. b7 Rb8 43. Ke3 g5 44. fxg5+ Kxg5 45. Kd4 Kf5 46.
Rf2+ Kg6 47. Rg2+ Kf6 48. Rb2 Kf5 49. Kc5 e5 50. Kb6 e4 51. Kc7 Re8 52. b8=Q
Rxb8 53. Rxb8 e3 54. Kd6 Ke4 55. Kc5 e2 56. Re8+ Kd3 57. Rxe2 1/2-1/2

[Event "1st Cairns Cup 2019"]
[Site "Saint Louis USA"]
[Date "2019.02.14"]
[Round "8.1"]
[White "Gunina, Valentina"]
[Black "Abdumalik, Zhansaya"]
[Result "1/2-1/2"]
[WhiteTitle "GM"]
[BlackTitle "IM"]
[WhiteElo "2501"]
[BlackElo "2468"]
[WhiteFideId "4167570"]
[BlackFideId "13703544"]
[EventDate "2019.02.06"]

1. Nf3 Nf6 2. c4 c5 3. Nc3 d5 4. cxd5 Nxd5 5. e4 Nb4 6. Bc4 Nd3+ 7. Ke2 Nf4+ 8.
Kf1 Nd3 9. Qe2 Nxc1 10. Rxc1 e6 11. e5 Nc6 12. h4 Bd7 13. Rh3 h6 14. Kg1 Qb6 15.
Bb3 O-O-O 16. Na4 Qa5 17. Qe3 c4 18. Bd1 Kb8 19. a3 Qb5 20. Rg3 f5 21. exf6 gxf6
22. Qf4+ e5 23. Qxf6 Be7 24. Qf7 Rhf8 25. Qh5 Bf5 26. Qxh6 e4 27. Nc3 Qc5 28.
Ng5 Rh8 29. Ngxe4 Rxh6 30. Nxc5 Rxh4 31. b4 Rdh8 32. Kf1 Bxc5 33. bxc5 Bd3+ 34.
Rxd3 cxd3 35. f3 Rc4 36. Kf2 Rxc5 37. Rb1 Rh1 38. Ke3 Ra5 39. a4 Rg5 40. g4 Rh3
41. Ne4 Rg7 42. g5 Rf7 1/2-1/2

[Event "1st Cairns Cup 2019"]
[Site "Saint Louis USA"]
[Date "2019.02.14"]
[Round "8.4"]
[White "Harika, Dronavalli"]
[Black "Khotenashvili, Bela"]
[Result "1/2-1/2"]
[WhiteTitle "GM"]
[BlackTitle "GM"]
[WhiteElo "2471"]
[BlackElo "2491"]
[WhiteFideId "5015197"]
[BlackFideId "13602640"]
[EventDate "2019.02.06"]

1. c4 g6 2. e4 c5 3. Nf3 Nc6 4. d4 cxd4 5. Nxd4 Nf6 6. Nc3 d6 7. Be2 Nxd4 8.
Qxd4 Bg7 9. Be3 O-O 10. Qd2 a5 11. f3 a4 12. Rc1 Qa5 13. Rc2 Be6 14. Nd5 Nxd5
15. cxd5 Rfc8 16. Qxa5 Rxa5 17. Kd2 Rxc2+ 18. Kxc2 Bd7 19. Rc1 e6 20. Rd1 Bb5
21. Bxb5 Rxb5 22. b3 axb3+ 23. axb3 Ra5 24. dxe6 Ra2+ 25. Kc1 Ra1+ 26. Kc2 Ra2+
27. Kc1 Ra1+ 28. Kc2 Ra2+ 29. Kc1 1/2-1/2